Ranking samobójstw na świecie wg. WHO - Statystyki

Ogólne statystyki
  • Ten quiz został rozwiązany 66 razy
  • Średni wynik to 8 z 24
Statystyki odpowiedzi
Wskaźnik samobójstw popełnionych na 100 tys. Kraj % Poprawnych
10 21,6 Rosja
98%
18. 17,7 Ukraina
75%
21. 16,5 Białoruś
67%
14. 20,2 Litwa
67%
23. 16,1 Łotwa
64%
8. 23,5 RPA
64%
11. 21,2 Korea Południowa
62%
16. 18,1 Kazachstan
36%
17. 18,0 Mongolia
36%
9. 23,2 Mozambik
25%
7. 23,6 Zimbabwe
20%
1. 87,5 Lesotho
18%
6. 25,9 Surinam
18%
13. 20,2 Botswana
16%
3. 40,5 Eswatini
15%
2. 40,9 Gujana
15%
15. 18,8 Urugwaj
15%
22. 16,2 Czarnogóra
11%
4. 30,6 Kiribati
11%
5. 29,9 Mikronezja
11%
12. 21,0 Vanuatu
11%
24. 15,0 Kamerun
9%
20. 17,3 Erytrea
5%
19. 17,4 Wysypy Salomona
0%
Nie znaleziono quizów pasujących do podanych kryteriów
Rozkład punktacji
Procent ludzi z każdym wynikiem
Percentyl według liczby udzielonych odpowiedzi
Twoja historia wyników
Nie rozwiązałeś tego quizu